|
|
|
|
| LEADER |
00000nam2a2200000 4500 |
| 001 |
352634 |
| 005 |
20231102010521.0 |
| 035 |
|
|
|a (RuTPU)RU\TPU\retro\9331
|
| 035 |
|
|
|a RU\TPU\retro\9329
|
| 090 |
|
|
|a 352634
|
| 100 |
|
|
|a 20200125d1976 k y0rusy50 ca
|
| 101 |
0 |
|
|a rus
|
| 102 |
|
|
|a RU
|
| 105 |
|
|
|a a z 001zy
|
| 200 |
0 |
|
|a Вып. 126 : Синтез и исследование эффективности присадок к маслам
|f отв.ред. В. Н. Виноградов
|
| 210 |
|
|
|a Москва
|c Изд-во МИНХиГП
|d 1976
|
| 215 |
|
|
|a 288 с.
|c ил.
|
| 320 |
|
|
|a Библиогр. в конце гл.
|
| 461 |
|
1 |
|0 (RuTPU)RU\TPU\retro\9257
|t Труды [Московского института нефтехимической и газовой промышленности]
|o [сборник]
|f Московский институт нефтехимической и газовой промышленности им. И. М. Губкина (МИНХиГП)
|v Вып. 126 : Синтез и исследование эффективности присадок к маслам
|d 1959-
|
| 606 |
1 |
|
|a Присадки
|x Нефтехимические продукты
|2 stltpush
|3 (RuTPU)RU\TPU\subj\34278
|9 56268
|
| 610 |
1 |
|
|a синтез
|
| 610 |
1 |
|
|a масла
|
| 610 |
1 |
|
|a эффективность
|
| 610 |
1 |
|
|a алкилфенолы
|
| 610 |
1 |
|
|a алкилфенольные присадки
|
| 610 |
1 |
|
|a эфиры
|
| 610 |
1 |
|
|a сульфиды
|
| 675 |
|
|
|a 665.71.03
|v 3
|
| 702 |
|
1 |
|a Виноградов
|b В. Н.
|4 340
|
| 801 |
|
1 |
|a RU
|b 63413507
|c 20060206
|g PSBO
|
| 801 |
|
2 |
|a RU
|b 63413507
|c 20200225
|g PSBO
|
| 942 |
|
|
|c BK
|